Statically indeterminate structures, (Record no. 546666)
[ view plain ]
| 000 -LEADER | |
|---|---|
| fixed length control field | 00473cam a22001331 4500 |
| 082 ## - DEWEY DECIMAL CLASSIFICATION NUMBER | |
| Classification number | 624.1713 |
| Author Mark | MAU |
| -- | L-20, P-48 |
| 100 1# - MAIN ENTRY--PERSONAL NAME | |
| Personal name | Maugh, L. C. |
| 9 (RLIN) | 42686 |
| 245 10 - TITLE STATEMENT | |
| Title | Statically indeterminate structures, |
| Statement of responsibility, etc. | by L.C. Maugh ... |
| 260 ## - PUBLICATION, DISTRIBUTION, ETC. | |
| Place of publication, distribution, etc. | New York, |
| Name of publisher, distributor, etc. | J. Wiley & Sons, inc.; |
| Place of publication, distribution, etc. | London, |
| Name of publisher, distributor, etc. | Chapman & Hall, limited |
| Date of publication, distribution, etc. | [1946] |
| 300 ## - PHYSICAL DESCRIPTION | |
| Extent | viii, 338 p. |
| Other physical details | diagrs. |
| Dimensions | 24 cm. |
| 526 ## - STUDY PROGRAM INFORMATION NOTE | |
| Program name | 0 |
| Interest level | 0 |
| Reading level | 0 |
| Title point value | 624_171300000000000_MAU |
| 650 #0 - SUBJECT ADDED ENTRY--TOPICAL TERM | |
| Topical term or geographic name entry element | Structural analysis (Engineering) |
| 9 (RLIN) | 654 |
| 942 ## - ADDED ENTRY ELEMENTS (KOHA) | |
| Source of classification or shelving scheme | |
| Koha item type | Book |
| Withdrawn status | Lost status | Source of classification or shelving scheme | Damaged status | Not for loan | Permanent Location | Current Location | Date acquired | Total Checkouts | Full call number | Barcode | Date last seen | Price effective from | Koha item type |
|---|---|---|---|---|---|---|---|---|---|---|---|---|---|
| Military College of Engineering (MCE) | Military College of Engineering (MCE) | 06/17/2014 | 624.1713 MAU | MCE-30670 | 06/17/2014 | 06/17/2014 | Book |
